| 000 | 00978cam a22003133a 4500 | ||
|---|---|---|---|
| 001 | 16403854 | ||
| 003 | OSt | ||
| 005 | 20140310182231.0 | ||
| 008 | 991122s1999 nyu j 000 1 eng d | ||
| 010 | _a 00513876 | ||
| 020 | _a0553486691 (pbk.) | ||
| 035 | _a(OCoLC)ocm42872300 | ||
| 040 |
_aKRL _cKRL _dJED _dSLC _dDLC |
||
| 050 |
_aPZ 7 _b.Su968s11 1999 |
||
| 082 |
_aFIC _bSu9svj #11 |
||
| 100 | 1 |
_aSuzanne, Jamie. _94455 |
|
| 245 | 1 | 0 |
_aGot a problem? / _cwritten by Jamie Suzanne ; created by Francine Pascal. |
| 260 |
_aNew York : _bBantam Books, _cc1999. |
||
| 300 |
_a153 p. ; _c20 cm. |
||
| 440 | 0 |
_aSweet Valley Jr. High ; _v#11 _918153 |
|
| 650 |
_aTwins _xFiction _918154 |
||
| 655 | 7 |
_aYoung adult fiction. _2lcsh _93735 |
|
| 700 | 1 |
_aPascal, Francine. _93767 |
|
| 710 | 2 |
_aCopyright Paperback Collection (Library of Congress) _5DLC _9705 |
|
| 906 |
_a7 _bcbc _ccopycat _d2 _encip _f20 _gy-genrareb |
||
| 942 |
_2lcc _cBK-FIC |
||
| 999 |
_c10911 _d10911 |
||